00954nam a2200241 a 450000500170000000800410001702000180005802000340007604000350011004100080014504400070015308200210016010000390018124500740022025000220029426000590031630000600037549000670043550400420050265000500054465000590059465000590065320180605093747.0140424s2012 ck a gr 00010 spa d a9789587530612 a9789587530582 (obra completa) aCO-BoBLA cCO-BoBLAdCO-BoIAVH0 aspa ack04a306.409861bP14h1 aMora de Jaramillo, Yolandaeautora10aAlimentación y cultura en el Amazonas / cYolanda Mora de Jaramillo aSegunda edición aBogotá (Colombia) : bMinisterio de Cultura, c2012. a232 páginas : bilustraciones a color ; c21 x 17 cm.0 aBiblioteca básica de cocinas tradicionales de Colombia ;v11 aIncluye referencias bibliográficas.26aAculturaciónzAmazonas (Región, Colombia)26aAntropología culturalzAmazonas (Región, Colombia)26aCostumbres alimenticiaszAmazonas (Región, Colombia)